000 00293 a2200085 4500
020 _a9788496954496
100 _aDanielle Elisseff , Chiu Che Bing, Arnaud Laffage and Frederic Edelmann
245 _aIn the Chinese City: Perspectives on the Transmutations of an Empire
260 _bActarD Inc
_c 2008
999 _c13570
_d13570